Les sons les plus écoutés de Ninho sur Spotify - Statistiques

Statistiques générales
  • Ce quiz a été pris 468 fois
  • Le résultat moyen est 9 sur 15
Statistiques - réponses
Hint Réponse % Correct
1) 239 172 389 La vie qu'on mène
84%
2) 160 390 303 (ft Niska ) Maman ne le sait pas
79%
9) 127 993 508 (album Rim'K) Air max
78%
6) 140 161 652 (album Vegedream ) Elle est bonne sa mère
74%
14) 100 077 975 ( album Zola ) Papers
73%
3) 155 627 029 Lettre à une femme
70%
10) 121 389 996 (ft Dadju ) Grand bain
67%
5) 145 412 268 Jefe
65%
4) 147 693 207 Goutte d'eau
60%
8) 129 245 948 (album alonzo ft Naps ) Tout va bien
60%
12) 113,889,325 ( album Naps ) 6.3
55%
11) 119 129 538 (album Maes ) Distant
55%
7) 132 155 495 Putana
45%
15) 91 753 225 Zipette
43%
13) 111 028 227 VVS
38%
Aucun quiz correspondant
Distribution des résultats
% des personnes avec chaque résultat
Percentile par nombre de réponses
Votre historique - résultats
Vous n’avez pas pris ce quiz